[Event "SLO-chT U20"]
[Site "Bled"]
[Date "2014.08.27"]
[Round "7.2"]
[White "Znidaric, Anze"]
[Black "Flander, Nejc"]
[Result "1/2-1/2"]
[WhiteElo "1963"]
[BlackElo "2011"]
[PlyCount "55"]
[EventDate "2014.08.23"]
[EventType "team-tourn"]
[EventRounds "7"]
[EventCountry "SLO"]
[SourceTitle "EXT 2022"]
[Source "ChessBase"]
[SourceDate "2021.10.06"]
[SourceVersion "1"]
[SourceVersionDate "2021.10.06"]
[SourceQuality "1"]
[WhiteTeam "Kranj Tomo Zupan U20"]
[BlackTeam "Zalec U20"]
[WhiteTeamCountry "SLO"]
[BlackTeamCountry "SLO"]

1. d4 Nf6 2. Nf3 c5 3. c4 cxd4 4. Nxd4 Nc6 5. Nc3 e5 6. Ndb5 d6 7. Bg5 a6 8. Na3 Be7 9. e4 Be6 10. Be2 Nd7 11. Bxe7 Qxe7 12. Nc2 0-0 13. 0-0 Rad8 14. Ne3 Nd4 15. Bg4 Bxg4 16. Qxg4 Qe6 17. Qxe6 fxe6 18. Rac1 Rc8 19. Rfd1 b5 20. cxb5 axb5 21. Kf1 Nf6 22. f3 b4 23. Ne2 Rxc1 24. Rxc1 Nxe4 25. Nxd4 exd4 26. Nc2 b3 27. Nxd4 bxa2 28. Ra1 1/2-1/2

[Event "SLO-chT U20"]
[Site "Bled"]
[Date "2014.08.24"]
[Round "3.2"]
[White "Zirkelbach, Maj"]
[Black "Flander, Nejc"]
[Result "1/2-1/2"]
[WhiteElo "1984"]
[BlackElo "2011"]
[PlyCount "64"]
[EventDate "2014.08.23"]
[EventType "team-tourn"]
[EventRounds "7"]
[EventCountry "SLO"]
[SourceTitle "EXT 2022"]
[Source "ChessBase"]
[SourceDate "2021.10.06"]
[SourceVersion "1"]
[SourceVersionDate "2021.10.06"]
[SourceQuality "1"]
[WhiteTeam "Novo Mesto Krka U20"]
[BlackTeam "Zalec U20"]
[WhiteTeamCountry "SLO"]
[BlackTeamCountry "SLO"]

1. e4 e5 2. Nf3 Nc6 3. Bc4 Nf6 4. Ng5 d5 5. exd5 Na5 6. Bb5+ c6 7. dxc6 bxc6 8. Qf3 Rb8 9. Bxc6+ Nxc6 10. Qxc6+ Bd7 11. Qc4 Qe7 12. Nc3 Rb4 13. Qe2 Bc6 14. f3 Nh5 15. d3 g6 16. Nge4 f5 17. Bg5 Qe6 18. Nd2 h6 19. Be3 Rxb2 20. Nc4 Rb7 21. 0-0 Kf7 22. Rae1 Bd5 23. Nxd5 Qxd5 24. Bf2 Bg7 25. Nxe5+ Qxe5 26. Qxe5 Bxe5 27. Rxe5 Rc8 28. g4 Nf4 29. gxf5 Rxc2 30. fxg6+ Kxg6 31. Ra5 Rbb2 32. Ra6+ Kg5 1/2-1/2

[Event "SLO-chT2 East"]
[Site "Slovenia"]
[Date "2013.10.26"]
[Round "5"]
[White "Flander, Nejc"]
[Black "Volcansek, Joze"]
[Result "1-0"]
[WhiteElo "1995"]
[BlackElo "1674"]
[PlyCount "151"]
[EventDate "2013.09.07"]
[EventType "team-tourn"]
[EventRounds "9"]
[EventCountry "SLO"]
[SourceTitle "EXT 2015"]
[Source "ChessBase"]
[SourceDate "2014.11.20"]
[SourceVersion "1"]
[SourceVersionDate "2014.11.20"]
[SourceQuality "1"]

1. e4 c5 2. d4 cxd4 3. c3 d3 4. Bxd3 Nc6 5. Be3 d6 6. f4 g6 7. Nf3 Bg7 8. 0-0 Nf6 9. h3 e6 10. Nbd2 d5 11. e5 Ng8 12. Nb3 Nge7 13. Nfd4 a6 14. Qe1 0-0 15. g4 Nxd4 16. Nxd4 Nc6 17. Nxc6 bxc6 18. Bc5 Re8 19. Qg3 f5 20. gxf5 exf5 21. Rf2 Bf8 22. Bxf8 Kxf8 23. Rd1 Be6 24. Kh2 Ra7 25. Qe3 Qe7 26. Qb6 Qc7 27. Qd4 Kf7 28. c4 Rd8 29. Rc1 Rb7 30. b3 Qb6 31. Qxb6 Rxb6 32. c5 Rb4 33. Bxa6 Ra8 34. Bf1 Rab8 35. Kg3 Rg8 36. h4 h6 37. Bd3 h5 38. Kf3 Ra8 39. Rb2 Rab8 40. Bc2 Ra8 41. Bd3 Rd4 42. Ke3 Rb4 43. Ra1 Ra5 44. Rc2 Ra8 45. Rf1 Rab8 46. Kd2 Ra8 47. Kc3 Rbb8 48. Kb2 Ra4 49. a3 Raa8 50. b4 Rh8 51. Ra1 d4 52. Bc4 Rhd8 53. Rd1 Rd7 54. Rd3 Rad8 55. Bxe6+ Kxe6 56. Rcd2 g5 57. hxg5 h4 58. Kb3 Rh8 59. Kc4 h3 60. Rh2 Rh4 61. Rdxh3 Rxf4 62. Rh6+ Kxe5 63. Re2+ Re4 64. Rxe4+ fxe4 65. Rd6 Rg7 66. Rxd4 Rxg5 67. Rd8 Rg3 68. a4 Ra3 69. a5 Ra1 70. Ra8 Rc1+ 71. Kb3 Kd4 72. a6 Ra1 73. a7 Ke3 74. b5 cxb5 75. c6 Rc1 76. Rc8 1-0

[Event "SLO-chT U20"]
[Site "Verzej"]
[Date "2013.08.29"]
[Round "5"]
[White "Flander, Nejc"]
[Black "Cmor, Nino"]
[Result "1-0"]
[WhiteElo "1995"]
[BlackElo "1931"]
[PlyCount "83"]
[EventDate "2013.08.27"]
[EventType "team-tourn"]
[EventRounds "7"]
[EventCountry "SLO"]
[SourceTitle "EXT 2015"]
[Source "ChessBase"]
[SourceDate "2014.11.20"]
[SourceVersion "1"]
[SourceVersionDate "2014.11.20"]
[SourceQuality "1"]

1. e4 c5 2. d4 cxd4 3. c3 Nf6 4. e5 Nd5 5. Nf3 Nc6 6. cxd4 d6 7. Bc4 e6 8. 0-0 Be7 9. Qe2 0-0 10. Bd2 Qb6 11. exd6 Bxd6 12. Be3 Nxe3 13. fxe3 Bd7 14. Nc3 Rac8 15. Bd3 h6 16. Rad1 Ne7 17. Bb1 Bc6 18. Kh1 Qc7 19. Nb5 Bxb5 20. Qxb5 Qc4 21. Qh5 Nd5 22. Ng5 Rc7 23. Bh7+ Kh8 24. Bd3 Qa4 25. Qf3 Qd7 26. Qh3 Qa4 27. Rde1 Qd7 28. Rf2 Qe7 29. Ne4 Bb4 30. Ref1 f5 31. a3 fxe4 32. Rxf8+ Qxf8 33. Rxf8+ Bxf8 34. Bf1 Rc1 35. Kg1 Be7 36. Kf2 Bg5 37. Qxe6 Bxe3+ 38. Kg3 Nf6 39. Bc4 Bxd4 40. Qc8+ Kh7 41. Bg8+ Kg6 42. Qxc1 1-0

[Event "SLO-chT U20"]
[Site "Verzej"]
[Date "2013.08.28"]
[Round "2"]
[White "Bratkovic, Jakob"]
[Black "Flander, Nejc"]
[Result "1/2-1/2"]
[WhiteElo "1976"]
[BlackElo "1995"]
[PlyCount "88"]
[EventDate "2013.08.27"]
[EventType "team-tourn"]
[EventRounds "7"]
[EventCountry "SLO"]
[SourceTitle "EXT 2015"]
[Source "ChessBase"]
[SourceDate "2014.11.20"]
[SourceVersion "1"]
[SourceVersionDate "2014.11.20"]
[SourceQuality "1"]

1. e4 e5 2. Nf3 Nc6 3. Bb5 a6 4. Ba4 Nf6 5. 0-0 b5 6. Bb3 Be7 7. Re1 0-0 8. d4 d6 9. c3 Bg4 10. Be3 Qc8 11. h3 Bh5 12. Nbd2 exd4 13. cxd4 Nb4 14. Qb1 c5 15. a3 Nc6 16. e5 dxe5 17. dxe5 Nd7 18. e6 Nde5 19. Nxe5 Nxe5 20. Qf5 Bg6 21. Qxe5 c4 22. exf7+ Rxf7 23. Bd1 Bf6 24. Qd5 Bxb2 25. Bg4 Qd8 26. Be6 Bxa1 27. Bxf7+ Bxf7 28. Qxd8+ Rxd8 29. Rxa1 c3 30. Nf3 a5 31. Nd4 b4 32. axb4 axb4 33. Rc1 b3 34. Nxb3 Bxb3 35. Rxc3 Bf7 36. f4 g6 37. Kf2 Be6 38. Rc6 Kf7 39. Ra6 h5 40. Ra4 Bd5 41. g4 Ra8 42. Rd4 Ke6 43. Rd2 hxg4 44. hxg4 Ra2 1/2-1/2

[Event "SLO-chT U20"]
[Site "Verzej"]
[Date "2013.08.28"]
[Round "3"]
[White "Flander, Nejc"]
[Black "Jarc, Jakob"]
[Result "1-0"]
[WhiteElo "1995"]
[BlackElo "1672"]
[PlyCount "41"]
[EventDate "2013.08.27"]
[EventType "team-tourn"]
[EventRounds "7"]
[EventCountry "SLO"]
[SourceTitle "EXT 2015"]
[Source "ChessBase"]
[SourceDate "2014.11.20"]
[SourceVersion "1"]
[SourceVersionDate "2014.11.20"]
[SourceQuality "1"]

1. e4 c5 2. d4 cxd4 3. c3 dxc3 4. Nxc3 d6 5. Nf3 Nf6 6. Bc4 e6 7. 0-0 Be7 8. Qe2 0-0 9. Rd1 e5 10. Nxe5 Qc7 11. Nb5 Qc5 12. Nxf7 Rxf7 13. Bxf7+ Kxf7 14. Be3 Qe5 15. Nc7 Qxe4 16. Nxa8 b6 17. Nc7 Bb7 18. f3 Qc6 19. Rac1 Qd7 20. Nb5 Ba6 21. a4 1-0

[Event "SLO-chT1 Ost"]
[Site "Maribor"]
[Date "2012.10.19"]
[Round "6"]
[White "Spacapan, Simon"]
[Black "Flander, Nejc"]
[Result "1-0"]
[WhiteElo "1890"]
[BlackElo "1958"]
[PlyCount "79"]
[EventDate "2012.10.11"]
[EventType "team-tourn"]
[EventRounds "9"]
[EventCountry "SLO"]
[SourceTitle "EXT 2022"]
[Source "ChessBase"]
[SourceDate "2021.10.06"]
[SourceVersion "1"]
[SourceVersionDate "2021.10.06"]
[SourceQuality "1"]

1. e4 e5 2. Nf3 Nc6 3. d4 exd4 4. Nxd4 Qh4 5. Nc3 Bb4 6. Be2 Qxe4 7. Ndb5 Bxc3+ 8. bxc3 Kd8 9. 0-0 a6 10. Nd4 Nxd4 11. cxd4 d6 12. Bf3 Qg6 13. c4 Ne7 14. Bf4 Rb8 15. d5 b6 16. Re1 Qf6 17. Qd2 h6 18. Rab1 Ng6 19. Be3 Ne5 20. Be2 Bf5 21. Rb3 Nd7 22. Bd4 Qg6 23. Rg3 Bg4 24. Rxg4 Qf5 25. Rxg7 Ne5 26. Bxe5 dxe5 27. d6 Qf6 28. dxc7+ Kxc7 29. Rg3 Rhd8 30. Qc3 Qd6 31. Rd3 Qc5 32. Rf3 Rd7 33. Rf6 Qe7 34. Rxh6 Rg8 35. Bf3 f6 36. Bd5 Rg4 37. Rh3 Qc5 38. Qe3 Rd4 39. Rh6 b5 40. Rxf6 1-0

[Event "Sentjur Ipavec Memorial 13th"]
[Site "Sentjur"]
[Date "2012.09.23"]
[Round "6"]
[White "Brinovec, Dusan"]
[Black "Flander, Nejc"]
[Result "1/2-1/2"]
[WhiteElo "2208"]
[BlackElo "1958"]
[PlyCount "77"]
[EventDate "2012.09.19"]
[EventType "swiss"]
[EventRounds "9"]
[EventCountry "SLO"]
[SourceTitle "EXT 2015"]
[Source "ChessBase"]
[SourceDate "2014.11.20"]
[SourceVersion "1"]
[SourceVersionDate "2014.11.20"]
[SourceQuality "1"]

1. d4 Nf6 2. Nf3 c5 3. e3 d5 4. c3 Nc6 5. Nbd2 Bf5 6. dxc5 e5 7. Bb5 Qc7 8. b4 Be7 9. Bb2 0-0 10. Bxc6 bxc6 11. c4 e4 12. Nd4 Bd7 13. h3 Rfb8 14. Bc3 dxc4 15. Nxc4 Nd5 16. Qd2 f5 17. g3 Bf6 18. a3 Rd8 19. Bb2 Ne7 20. Qc2 Bxd4 21. Bxd4 Be6 22. Nd6 Nc8 23. Nxc8 Raxc8 24. h4 Qf7 25. Qc3 h5 26. 0-0-0 a5 27. Be5 a4 28. Rxd8+ Rxd8 29. Rd1 Rxd1+ 30. Kxd1 Bb3+ 31. Kd2 Qd5+ 32. Qd4 g6 33. Kc3 Kf7 34. b5 cxb5 35. Kb4 Ke6 36. Bf4 Bc4 37. Bg5 Qxd4 38. exd4 Kd5 39. Be3 1/2-1/2

[Event "Sentjur Ipavec Memorial 13th"]
[Site "Sentjur"]
[Date "2012.09.20"]
[Round "2"]
[White "Amon, Nejc"]
[Black "Flander, Nejc"]
[Result "0-1"]
[WhiteElo "1798"]
[BlackElo "1958"]
[PlyCount "84"]
[EventDate "2012.09.19"]
[EventType "swiss"]
[EventRounds "9"]
[EventCountry "SLO"]
[SourceTitle "EXT 2015"]
[Source "ChessBase"]
[SourceDate "2014.11.20"]
[SourceVersion "1"]
[SourceVersionDate "2014.11.20"]
[SourceQuality "1"]

1. e4 e5 2. Nf3 Nc6 3. Nc3 Nf6 4. d4 exd4 5. Nxd4 Bb4 6. Nxc6 bxc6 7. Bd3 d5 8. exd5 cxd5 9. 0-0 0-0 10. Bg5 c6 11. Na4 Be6 12. c3 Be7 13. Re1 Qc7 14. Bc2 g6 15. Qd4 Nh5 16. Bxe7 Qxe7 17. Nc5 Ng7 18. Nxe6 fxe6 19. Qe5 Rf6 20. Re2 Raf8 21. Rf1 Nh5 22. g3 Ng7 23. Kg2 Ne8 24. Ba4 Qd7 25. Qd4 Nd6 26. Qc5 Rc8 27. Qd4 Qf7 28. Qe5 Nc4 29. Qd4 e5 30. Qd1 Rf8 31. Bxc6 Rxc6 32. b3 Qf3+ 33. Kg1 Nb6 34. Rxe5 Qxd1 35. Rxd1 Rxc3 36. Rd2 Rd8 37. Re7 d4 38. Rxa7 d3 39. Re7 Rc2 40. Rd1 d2 41. Kf1 Nd5 42. Rb7 Rc1 0-1

[Event "SLO-chT1 Ost"]
[Site "Sentjur"]
[Date "2011.10.22"]
[Round "7"]
[White "Flander, Nejc"]
[Black "Korze, Danilo"]
[Result "1-0"]
[WhiteElo "1940"]
[BlackElo "2063"]
[PlyCount "95"]
[EventDate "2011.10.13"]
[EventType "team-tourn"]
[EventRounds "9"]
[EventCountry "SLO"]
[SourceTitle "EXT 2022"]
[Source "ChessBase"]
[SourceDate "2021.10.06"]
[SourceVersion "1"]
[SourceVersionDate "2021.10.06"]
[SourceQuality "1"]
[WhiteTeam "Zalec"]
[BlackTeam "Hoce"]
[WhiteTeamCountry "SLO"]
[BlackTeamCountry "SLO"]

1. e4 e6 2. d4 d5 3. Nc3 Nf6 4. Bg5 Be7 5. e5 Nfd7 6. h4 a6 7. Qg4 f5 8. Qg3 c5 9. Be3 0-0 10. Bh6 Rf7 11. Nxd5 cxd4 12. Nxe7+ Rxe7 13. 0-0-0 Qb6 14. Bg5 Rf7 15. Bc4 Nf8 16. Ne2 Nc6 17. Rhe1 Kh8 18. h5 Qc5 19. Bb3 b5 20. h6 g6 21. Bf6+ Kg8 22. Qf4 Na5 23. Nxd4 Nxb3+ 24. Nxb3 Qc7 25. Qd4 Bb7 26. g4 Rc8 27. c3 Bf3 28. Rd3 Rd7 29. Qe3 Rxd3 30. Qxd3 Bxg4 31. f3 Bh5 32. Kb1 Nd7 33. Nd4 Kf7 34. Qe3 Qb7 35. Qg5 Re8 36. Rd1 Qd5 37. Rd2 Nxe5 38. Nxf5 Nxf3 39. Rxd5 Nxg5 40. Nd6+ Kxf6 41. Nxe8+ Ke7 42. Rxg5 Kxe8 43. Kc2 Ke7 44. Rc5 Bg4 45. Rc7+ Kf6 46. Rxh7 g5 47. Ra7 Bf5+ 48. Kd2 1-0

[Event "SLO-chT1 Ost"]
[Site "Sentjur"]
[Date "2010.11.06"]
[Round "3"]
[White "Flander, Nejc"]
[Black "Markoja, Boris"]
[Result "1/2-1/2"]
[WhiteElo "1895"]
[BlackElo "1793"]
[PlyCount "75"]
[EventDate "2010.11.04"]
[EventType "team-tourn"]
[EventRounds "9"]
[EventCountry "SLO"]
[SourceTitle "EXT 2022"]
[Source "ChessBase"]
[SourceDate "2021.10.06"]
[SourceVersion "1"]
[SourceVersionDate "2021.10.06"]
[SourceQuality "1"]
[WhiteTeam "Zalec"]
[BlackTeam "Radenska Pomgrad II"]
[WhiteTeamCountry "SLO"]
[BlackTeamCountry "SLO"]

1. e4 c5 2. c3 g6 3. d4 cxd4 4. cxd4 d5 5. e5 Bg7 6. Nc3 Nc6 7. Bb5 e6 8. Nge2 Nge7 9. Bg5 h6 10. Be3 0-0 11. Ng3 Bd7 12. 0-0 Na5 13. b3 Bxb5 14. Nxb5 a6 15. Nd6 Nc8 16. Nxc8 Rxc8 17. Rc1 Qb6 18. Qd2 Kh7 19. Ne2 Rc6 20. Nc3 Rfc8 21. Na4 Qc7 22. Rxc6 Nxc6 23. Rc1 Qe7 24. Nc5 Rf8 25. Nxa6 f6 26. f4 fxe5 27. fxe5 Qf7 28. Nc5 b6 29. Nd3 Ne7 30. Nf4 Nf5 31. Rf1 Nxe3 32. Qxe3 h5 33. Qf3 Bh6 34. Ne2 Qa7 35. Qh3 Rxf1+ 36. Kxf1 Qxa2 37. Qxe6 Be3 38. Qf7+ 1/2-1/2

[Event "Sentjur Ipavec Memorial 11th"]
[Site "Sentjur"]
[Date "2010.09.22"]
[Round "8"]
[White "Flander, Nejc"]
[Black "Gantar, Jan"]
[Result "1/2-1/2"]
[WhiteElo "1895"]
[BlackElo "2122"]
[PlyCount "26"]
[EventDate "2010.09.17"]
[EventType "swiss"]
[EventRounds "9"]
[EventCountry "SLO"]
[SourceTitle "CBM 138 Extra"]
[Source "ChessBase"]
[SourceDate "2010.10.29"]
[SourceVersion "1"]
[SourceVersionDate "2010.10.29"]
[SourceQuality "1"]

1. e4 Nf6 2. e5 Nd5 3. Nc3 Nxc3 4. bxc3 d5 5. d4 c5 6. Bb5+ Bd7 7. Bxd7+ Qxd7 8. Ne2 e6 9. 0-0 Nc6 10. Bg5 h6 11. Bh4 Be7 12. Bxe7 Qxe7 13. f4 g6 1/2-1/2